<?xml version="1.0" encoding="UTF-8"?><?xml-stylesheet type="text/xsl" href="static/style.xsl"?><OAI-PMH xmlns="http://www.openarchives.org/OAI/2.0/" xmlns:xsi="http://www.w3.org/2001/XMLSchema-instance" xsi:schemaLocation="http://www.openarchives.org/OAI/2.0/ http://www.openarchives.org/OAI/2.0/OAI-PMH.xsd"><responseDate>2026-04-14T03:21:09Z</responseDate><request verb="GetRecord" identifier="oai:www.recercat.cat:2072/460233" metadataPrefix="marc">https://recercat.cat/oai/request</request><GetRecord><record><header><identifier>oai:recercat.cat:2072/460233</identifier><datestamp>2026-03-13T08:57:40Z</datestamp><setSpec>com_2072_98</setSpec><setSpec>col_2072_378192</setSpec></header><metadata><record xmlns="http://www.loc.gov/MARC21/slim" xmlns:dcterms="http://purl.org/dc/terms/" xmlns:xsi="http://www.w3.org/2001/XMLSchema-instance" xmlns:doc="http://www.lyncode.com/xoai" xsi:schemaLocation="http://www.loc.gov/MARC21/slim http://www.loc.gov/standards/marcxml/schema/MARC21slim.xsd">
   <leader>00925njm 22002777a 4500</leader>
   <datafield ind2=" " ind1=" " tag="042">
      <subfield code="a">dc</subfield>
   </datafield>
   <datafield ind2=" " ind1=" " tag="720">
      <subfield code="a">Medeiros-Ferreira, Leticia</subfield>
      <subfield code="e">author</subfield>
   </datafield>
   <datafield ind2=" " ind1=" " tag="720">
      <subfield code="a">Navarro, José-Blas</subfield>
      <subfield code="e">author</subfield>
   </datafield>
   <datafield ind2=" " ind1=" " tag="720">
      <subfield code="a">Zúñiga Lagares, Antonio</subfield>
      <subfield code="e">author</subfield>
   </datafield>
   <datafield ind2=" " ind1=" " tag="720">
      <subfield code="a">Romaní, Rosanna</subfield>
      <subfield code="e">author</subfield>
   </datafield>
   <datafield ind2=" " ind1=" " tag="720">
      <subfield code="a">Muray, Elisenda</subfield>
      <subfield code="e">author</subfield>
   </datafield>
   <datafield ind2=" " ind1=" " tag="720">
      <subfield code="a">Obiols Llandrich, Jordi</subfield>
      <subfield code="e">author</subfield>
   </datafield>
   <datafield ind2=" " ind1=" " tag="260">
      <subfield code="c">2016</subfield>
   </datafield>
   <datafield ind2=" " ind1=" " tag="520">
      <subfield code="a">The complexity of schizophrenia lies in the combination of psychiatric, somatic and social needs requiring care. The aim of the study was to compare perceived needs between groups with absence/presence of metabolic syndrome (MetS) and to analyze the relationship between needs, health-related quality of life (HRQoL) and MetS in people with schizophrenia or schizoaffective disorder. A "real-world" cross-sectional study was set up with a comprehensive framework including the following, needs for care (Camberwell Assessment of Need Interview [CAN]), HRQoL (Euro Qol-5D Questionnaire), sociodemographic data, lifestyle habits, psychopathology (Positive And Negative Syndrome Scale [PANSS]), global functioning (Global Assessment of Functioning Scale [GAF]), anthropometric measurements and blood test results were assessed for an outpatient sample (n = 60). The mean number of needs (given by CAN) was identified for both groups. Patients with MetS rated a higher number of needs compared to the group without this condition. Mobility problems (given by EQ-5D) were negatively associated with the number of total and unmet needs. For participants with MetS, HRQoL was related to the number of needs and unmet needs. For people with MetS, positive symptomatology score (given by PANSS) was related to the number of needs and met needs and general symptomatology was associated with total, met and unmet needs. For individuals without MetS, the global functioning score (given by GAF) was significantly inversely related with total, met and unmet needs. Needs and HRQoL, as well as general symptomatology, were related only in patients with MetS. This has implications for treatment planning at the individual and organizational levels. An analysis of both physical and mental needs could provide a starting point for the extension of facilities in the health care system in order to reach the goal of improving quality of life.</subfield>
   </datafield>
   <datafield tag="653" ind2=" " ind1=" ">
      <subfield code="a">Schizophrenia</subfield>
   </datafield>
   <datafield tag="653" ind2=" " ind1=" ">
      <subfield code="a">Metabolic syndrome</subfield>
   </datafield>
   <datafield tag="653" ind2=" " ind1=" ">
      <subfield code="a">Health-related quality of life</subfield>
   </datafield>
   <datafield tag="653" ind2=" " ind1=" ">
      <subfield code="a">Perceived needs</subfield>
   </datafield>
   <datafield ind2="0" ind1="0" tag="245">
      <subfield code="a">Perceived needs and health-related quality of life in people with schizophrenia and metabolic syndrome : a "real-world" study</subfield>
   </datafield>
</record></metadata></record></GetRecord></OAI-PMH>